Innover avec les acteurs du monde rural: la recherche-action en partenariat

Збережено в:
Бібліографічні деталі
Автори: Faure, Guy (Автор), Gasselin, Pierre (Автор), Triomphe, Bernard (Автор), Temple, Ludovic (Автор), Hocdé, Henri (Автор)
Формат: Книга
Мова:Французька
Опубліковано: Gembloux Editions Quae 2010
Редагування:1a. ed
Серія:Collection Agricultures Tropicales en Poche
Предмети:
Теги: Додати тег
Немає тегів, Будьте першим, хто поставить тег для цього запису!

MARC

LEADER 00000cam a2200000 a 4500
001 UCC8579
003 CL-VaPUC
008 190719e20100000be |||||||||||||||||fre|d
020 |a 9782759206070 
082 0 4 |a 304.2  |b FAU  |2 21 
100 0 |a Faure, Guy  |e author  |9 603249 
700 0 |a Gasselin, Pierre  |e author  |9 603250 
700 0 |a Triomphe, Bernard  |e author  |9 603251 
700 0 |a Temple, Ludovic  |e author  |9 603252 
700 0 |a Hocdé, Henri  |e author  |9 603253 
245 1 0 |a Innover avec les acteurs du monde rural: la recherche-action en partenariat 
250 |a 1a. ed 
300 |a 221 p 
942 |c BK 
945 |d 20190719 13:28:00  |a dcastane 
260 |a Gembloux  |b Editions Quae  |c 2010 
650 0 |a Ecología humana   |9 263207 
650 7 |a MUNDO RURAL  |2 CL-VaPUC  |9 603254 
650 0 |a Zonas rurales  |9 317366 
583 |a last modification  |c 20190719 13:28:00  |k Rodrigo Vera 
490 0 |a Collection Agricultures Tropicales en Poche 
999 |c 374854  |d 374852 
952 |0 0  |1 0  |3 erb  |4 0  |6 304_200000000000000_FAU_2010  |7 0  |8 A  |9 493593  |a BIBAGR  |b BIBAGR  |i 5593670  |o 304.2 FAU 2010  |p 5593670  |r 2025-01-20  |w 2019-11-24  |y BK  |z Catalogado en:20190719  |k AGR